[Event "IX C.to Italiano U20"]
[Site "Bratto - Castione della Presolana ITA"]
[Date "2001.08.27"]
[Round "6"]
[White "Sorcinelli, Francesco"]
[Black "Longo, Luigi"]
[Result "1-0"]
[WhiteElo "1881"]
[BlackElo "1500"]
[PlyCount "55"]
[EventDate "2001.08.22"]

1.e4 e6 2.d3 d5 3.Nd2 Nf6 4.Ngf3 dxe4 5.dxe4 Be7 6.Bd3 Nbd7 7.a4 a5 8.Qe2 
b6 9.Nc4 Nc5 10.O-O Nxd3 11.cxd3 Bb7 12.Bf4 O-O 13.Rac1 Bd6 14.e5 Nd5 15.
exd6 Nxf4 16.Qe3 Nd5 17.dxc7 Qxc7 18.Nxa5 Nxe3 19.Rxc7 Nxf1 20.Nxb7 Ra7 
21.Rd7 Nxh2 22.Kxh2 Rxa4 23.Nd6 Rb4 24.Ne5 Rxb2 25.Kg3 f6 26.Nc6 Rb3 27.
Ne7+ Kh8 28.Nf7+ 1-0

[Event "IX C.to Italiano U20"]
[Site "Bratto - Castione della Presolana ITA"]
[Date "2001.08.28"]
[Round "7"]
[White "Artizzu, Giulio"]
[Black "Mogranzini, Roberto"]
[Result "1-0"]
[WhiteElo "2084"]
[BlackElo "2104"]
[PlyCount "57"]
[EventDate "2001.08.22"]

1.e4 c5 2.Nf3 e6 3.d4 cxd4 4.Nxd4 Nc6 5.Nc3 Qc7 6.Be3 a6 7.h3 b5 8.g4 Bb7 
9.Bg2 Ne5 10.O-O Nc4 11.Qf3 Bc5 12.Rad1 Ne7 13.Bc1 O-O 14.b3 Ne5 15.Qg3 
Rac8 16.Nce2 d6 17.Bb2 N7c6 18.c3 Rfe8 19.f4 Nd7 20.Kh2 d5 21.e5 b4 22.
Nxc6 Bxc6 23.cxb4 Bb5 24.Rc1 Bxe2 25.Rfe1 Bb5 26.bxc5 a5 27.a3 Qb7 28.b4 
Bc4 29.Rxc4 1-0

[Event "IX C.to Italiano U20"]
[Site "Bratto - Castione della Presolana ITA"]
[Date "2001.08.28"]
[Round "7"]
[White "Bartolini, Marco"]
[Black "Sorcinelli, Francesco"]
[Result "0-1"]
[WhiteElo "1597"]
[BlackElo "1881"]
[PlyCount "44"]
[EventDate "2001.08.22"]

1.d4 Nf6 2.Nf3 g6 3.g3 Bg7 4.Bg2 O-O 5.O-O d6 6.c4 c5 7.Nc3 Nc6 8.e4 Bg4 
9.d5 Ne5 10.Qe2 a6 11.Rb1 b5 12.cxb5 axb5 13.Nxb5 Rxa2 14.Nc3 Ra7 15.Bf4 
Nfd7 16.Qe3 Bxf3 17.Bxf3 Rb7 18.Be2 Qb8 19.Qc1 Rb4 20.Bd2 Nc4 21.Na2 Nxd2 
22.Nxb4 Qxb4 0-1

[Event "IX C.to Italiano U20"]
[Site "Bratto - Castione della Presolana ITA"]
[Date "2001.08.28"]
[Round "7"]
[White "Bentivegna, Francesco"]
[Black "Sardo, Gabriele"]
[Result "1-0"]
[WhiteElo "2106"]
[BlackElo "2165"]
[PlyCount "111"]
[EventDate "2001.08.22"]

1.e4 c5 2.c3 Nf6 3.e5 Nd5 4.d4 cxd4 5.Nf3 Nc6 6.Bc4 Nb6 7.Bb3 d5 8.exd6 e6
9.cxd4 Bxd6 10.O-O O-O 11.Nc3 Be7 12.Be3 Nb4 13.Rc1 Bd7 14.Ne5 Bc6 15.a3 
N4d5 16.Nxc6 bxc6 17.Ne4 Rc8 18.Rc2 Nf6 19.Qf3 Nxe4 20.Qxe4 Nd5 21.Rfc1 
Qb6 22.Ba2 Rfd8 23.g3 Bf6 24.b3 Ne7 25.Rc4 Rd5 26.b4 Qd8 27.Rc5 Rd6 28.
R5c4 a5 29.Kg2 axb4 30.axb4 g6 31.Bb3 Ra8 32.Bd1 Ra7 33.Bf3 Rb7 34.Qc2 
Bxd4 35.Bxc6 Bxe3 36.Bxb7 Rd2 37.Qxd2 Qxd2 38.R1c2 Qd7 39.Rc7 Qb5 40.fxe3 
Nf5 41.Kf2 Qb6 42.R2c3 Kg7 43.Ke2 Nxe3 44.Bf3 Nf5 45.Rb7 Qg1 46.Kd3 Qf1+ 
47.Be2 Qb1+ 48.Kd2 Nd4 49.Bd1 Qa2+ 50.Kc1 e5 51.Rcc7 Kf6 52.Rxf7+ Ke6 53.
Rfc7 Kd5 54.Bc2 Qa3+ 55.Kb1 Ne2 56.Rc5+ 1-0

[Event "IX C.to Italiano U20"]
[Site "Bratto - Castione della Presolana ITA"]
[Date "2001.08.28"]
[Round "7"]
[White "Berni, Giorgio"]
[Black "Buchicchio, Giampaolo"]
[Result "1-0"]
[WhiteElo "2141"]
[BlackElo "2179"]
[PlyCount "109"]
[EventDate "2001.08.22"]

1.e4 c5 2.Nf3 e6 3.d4 cxd4 4.Nxd4 Nc6 5.Nb5 d6 6.c4 Nf6 7.N1c3 a6 8.Na3 
Be7 9.Be2 O-O 10.O-O b6 11.Be3 Bb7 12.f3 Nd7 13.Qd2 Rc8 14.Rac1 Nc5 15.Nc2
Qc7 16.Rfd1 Rfd8 17.Bf1 Bf6 18.Nd4 Qe7 19.Kh1 Rd7 20.Nc2 Rdd8 21.b4 Nd7 
22.Na4 b5 23.Nb6 Nxb6 24.Bxb6 Rd7 25.cxb5 axb5 26.Bxb5 d5 27.Bc5 Qd8 28.a4
Bg5 29.f4 Bh6 30.e5 Nxe5 31.Bxd7 Qxd7 32.Qf2 Ng6 33.Be3 Qxa4 34.f5 Bxe3 
35.Nxe3 Rxc1 36.Rxc1 exf5 37.Qd2 f4 38.Nf5 Qd7 39.Nd4 Qd6 40.b5 h6 41.Qc3 
Qf6 42.Nf3 Qb6 43.Qc5 Qa5 44.b6 Qa8 45.Qd4 Nf8 46.Ra1 Qd8 47.Ra7 Ne6 48.
Qb4 Qc8 49.Qe7 Nd8 50.Qc7 Kf8 51.Qxc8 Bxc8 52.Ra8 Ke7 53.Rxc8 Kd7 54.Rc7+ 
Kd6 55.Nd4 1-0

[Event "IX C.to Italiano U20"]
[Site "Bratto - Castione della Presolana ITA"]
[Date "2001.08.28"]
[Round "7"]
[White "Cacco, Christian"]
[Black "Arnetta, Marianna"]
[Result "1/2-1/2"]
[WhiteElo "2252"]
[BlackElo "2060"]
[PlyCount "65"]
[EventDate "2001.08.22"]

1.d4 e6 2.c4 d5 3.Nc3 Nf6 4.Bg5 Be7 5.Nf3 Nbd7 6.Qc2 h6 7.Bh4 c6 8.e3 O-O 
9.a3 Nh5 10.Bxe7 Qxe7 11.Bd3 Nhf6 12.O-O dxc4 13.Bxc4 e5 14.Rad1 e4 15.Nd2
Nb6 16.Ba2 Re8 17.Bb1 Bf5 18.f3 Nbd5 19.Rde1 Nxc3 20.Qxc3 Bg6 21.Qb3 Qd7 
22.Rf2 Re7 23.Nc4 Qe6 24.Ba2 Nd5 25.Ne5 Bf5 26.g4 Bh7 27.f4 f5 28.Rg2 fxg4
29.Rxg4 Bf5 30.Rg3 Kh7 31.Kf2 Qd6 32.Reg1 Rd8 33.Qc2 1/2-1/2

[Event "IX C.to Italiano U20"]
[Site "Bratto - Castione della Presolana ITA"]
[Date "2001.08.28"]
[Round "7"]
[White "Capone, Vincenzo"]
[Black "Arcion, Riccardo"]
[Result "1/2-1/2"]
[WhiteElo "2154"]
[BlackElo "1810"]
[PlyCount "31"]
[EventDate "2001.08.22"]

1.e4 c5 2.Nf3 e6 3.d3 d5 4.Nbd2 Nc6 5.g3 Bd6 6.Bg2 Nge7 7.O-O O-O 8.Re1 
Bd7 9.Nf1 Rc8 10.h4 Nd4 11.N1h2 Bc6 12.c3 Nxf3+ 13.Nxf3 dxe4 14.dxe4 Bb8 
15.Qe2 b6 16.Bg5 1/2-1/2

[Event "IX C.to Italiano U20"]
[Site "Bratto - Castione della Presolana ITA"]
[Date "2001.08.28"]
[Round "7"]
[White "Castaldo, Folco"]
[Black "Drabke, Lorenz Maximilian"]
[Result "1/2-1/2"]
[WhiteElo "2304"]
[BlackElo "2338"]
[PlyCount "23"]
[EventDate "2001.08.22"]

1.c4 c5 2.Nf3 g6 3.Nc3 Bg7 4.e3 Nf6 5.d4 O-O 6.d5 d6 7.Be2 e6 8.e4 exd5 9.
exd5 Bf5 10.O-O Ne4 11.Nxe4 Bxe4 12.Ng5 1/2-1/2

[Event "IX C.to Italiano U20"]
[Site "Bratto - Castione della Presolana ITA"]
[Date "2001.08.28"]
[Round "7"]
[White "Castellano, Fabio Marco"]
[Black "Santacroce, Fidel"]
[Result "1-0"]
[WhiteElo "1431"]
[BlackElo "1630"]
[PlyCount "115"]
[EventDate "2001.08.22"]

1.e4 c5 2.Nf3 d6 3.d4 cxd4 4.Nxd4 Nf6 5.Nc3 a6 6.Be2 e6 7.f4 Be7 8.O-O Nc6
9.Bf3 O-O 10.e5 dxe5 11.Nxc6 Qb6+ 12.Kh1 bxc6 13.fxe5 Nd5 14.Qe1 Rb8 15.
Qg3 Kh8 16.Be4 Nxc3 17.Qxc3 f5 18.exf6 Rxf6 19.Rxf6 Bxf6 20.Qxc6 Qd8 21.
Bd3 g6 22.Qf3 Bb7 23.Qh3 Qa5 24.Bf4 Bxb2 25.Bxg6 h5 26.Bxh5 Kg7 27.Qxe6 
Qxh5 28.Rb1 Rf8 29.Qb3 Qd5 30.Qxb2+ Kg8 31.Qxb7 Qxb7 32.Rxb7 Rxf4 33.Kg1 
Rd4 34.Rb1 Rd2 35.Rc1 Kf7 36.a3 a5 37.c4 Ra2 38.c5 Ke7 39.c6 Kd8 40.c7+ 
Kc8 41.Rc3 a4 42.h4 Rb2 43.Rc4 Rb1+ 44.Kh2 Ra1 45.Rxa4 Kxc7 46.h5 Re1 47.
h6 Kd6 48.h7 Re8 49.Rh4 Rh8 50.Kg3 Ke6 51.Kg4 Kf6 52.Kf4 Kg7 53.Kg5 Kf7 
54.Rh6 Kg7 55.a4 Kf7 56.a5 Ke7 57.Kg6 Kf8 58.g3 1-0

[Event "IX C.to Italiano U20"]
[Site "Bratto - Castione della Presolana ITA"]
[Date "2001.08.28"]
[Round "7"]
[White "Castellano, Fulvia"]
[Black "Palomba, Andrea"]
[Result "1-0"]
[WhiteElo "1600"]
[BlackElo "1401"]
[PlyCount "83"]
[EventDate "2001.08.22"]

1.e4 g6 2.d4 d6 3.Nf3 Bg4 4.Be2 Nd7 5.Nc3 c6 6.Be3 Bg7 7.Qd2 Bxf3 8.Bxf3 
Qc7 9.O-O-O a6 10.h4 h5 11.Bf4 b5 12.e5 dxe5 13.dxe5 Ra7 14.e6 Qxf4 15.
exd7+ Kd8 16.Qxf4 Bh6 17.Qxh6 Nxh6 18.Bxc6 Rc7 19.Bf3 Nf5 20.g4 hxg4 21.
Bxg4 Nh6 22.Bf3 e6 23.h5 g5 24.Rd6 Rc4 25.Rhd1 Rh4 26.Rc6 Rc4 27.Rxa6 Rc8 
28.dxc8=Q+ Kxc8 29.Ra8+ Kc7 30.Rxh8 g4 31.Rxh6 gxf3 32.Rh7 Kc6 33.Rxf7 e5 
34.Rfd7 e4 35.Nxe4 b4 36.R1d5 b3 37.R7d6+ Kc7 38.axb3 Kb7 39.Rg5 Kc7 40.
Rg7+ Kc8 41.h6 Kb8 42.Rd8# 1-0

[Event "IX C.to Italiano U20"]
[Site "Bratto - Castione della Presolana ITA"]
[Date "2001.08.28"]
[Round "7"]
[White "Costantini, Roberto"]
[Black "Genocchio, Daniele"]
[Result "1-0"]
[WhiteElo "2287"]
[BlackElo "2340"]
[PlyCount "79"]
[EventDate "2001.08.22"]

1.e4 g6 2.d4 Bg7 3.Nf3 d6 4.Nc3 a6 5.a4 Nf6 6.h3 O-O 7.Bg5 c5 8.dxc5 Qa5 
9.Bd3 Qxc5 10.O-O Nbd7 11.a5 b5 12.axb6 Qxb6 13.Ra2 Bb7 14.Qe2 a5 15.Nd2 
Ne5 16.Rfa1 e6 17.Be3 Qd8 18.Nb3 Nc6 19.Bg5 h6 20.Bd2 Qb6 21.Be3 Qc7 22.
Nb5 Qd8 23.Qd2 Kh7 24.Nxa5 Nxa5 25.Rxa5 Rxa5 26.Qxa5 Bxe4 27.Qxd8 Rxd8 28.
Bxe4 Nxe4 29.f3 Nf6 30.Ra7 Kg8 31.c4 Bf8 32.Bb6 Re8 33.Rc7 Rb8 34.Bd4 Ne8 
35.Rd7 d5 36.Be5 Rc8 37.cxd5 Rc5 38.Nc3 exd5 39.Rd8 d4 40.Bxd4 1-0

[Event "IX C.to Italiano U20"]
[Site "Bratto - Castione della Presolana ITA"]
[Date "2001.08.28"]
[Round "7"]
[White "Cusumano, Domenico"]
[Black "Piscopo, Pierluigi"]
[Result "1/2-1/2"]
[WhiteElo "1939"]
[BlackElo "2218"]
[PlyCount "28"]
[EventDate "2001.08.22"]

1.f4 g6 2.Nf3 Bg7 3.g3 d5 4.Bg2 Nh6 5.O-O O-O 6.d4 c5 7.e3 Qb6 8.Nc3 cxd4 
9.Nxd5 Qc5 10.Nxd4 Bg4 11.Nb3 Qd6 12.Qe1 Nc6 13.e4 a5 14.c3 a4 1/2-1/2

[Event "IX C.to Italiano U20"]
[Site "Bratto - Castione della Presolana ITA"]
[Date "2001.08.28"]
[Round "7"]
[White "Damia, Angelo"]
[Black "Retter, Martin"]
[Result "0-1"]
[WhiteElo "1915"]
[BlackElo "1690"]
[PlyCount "60"]
[EventDate "2001.08.22"]

1.e4 e6 2.d4 d5 3.e5 c5 4.c3 Qb6 5.Nf3 Nc6 6.a3 Bd7 7.g3 Rc8 8.b4 cxd4 9.
cxd4 Nxd4 10.Nxd4 Rxc1 11.Qxc1 Qxd4 12.Nd2 Qxe5+ 13.Be2 Bb5 14.Qc8+ Ke7 
15.Qxb7+ Kf6 16.Qxb5 Qxa1+ 17.Bd1 Qxa3 18.O-O Qxb4 19.Qe2 g6 20.f4 Bc5+ 
21.Kh1 Kg7 22.g4 Nf6 23.g5 Ne4 24.Nf3 Bb6 25.Bc2 Rc8 26.Rb1 Qc4 27.Bd3 
Nf2+ 28.Qxf2 Qxd3 29.Qb2+ d4 30.Ne1 Qe4+ 0-1

[Event "IX C.to Italiano U20"]
[Site "Bratto - Castione della Presolana ITA"]
[Date "2001.08.28"]
[Round "7"]
[White "Guclu, Yaman"]
[Black "Bianco, Raffaele"]
[Result "0-1"]
[WhiteElo "1831"]
[BlackElo "1600"]
[PlyCount "132"]
[EventDate "2001.08.22"]

1.d4 Nf6 2.Nf3 g6 3.Nbd2 d5 4.c4 e6 5.e3 Bg7 6.Be2 O-O 7.O-O Nbd7 8.b3 b6 
9.Bb2 Bb7 10.Qc2 c5 11.Rac1 Rc8 12.Qb1 Ne8 13.Rfd1 Nd6 14.dxc5 Nxc5 15.
cxd5 exd5 16.Bxg7 Kxg7 17.Qb2+ Kg8 18.Nd4 a5 19.Nb5 Nxb5 20.Bxb5 Qe7 21.
Nf3 Rc7 22.Qe5 Qxe5 23.Nxe5 Rfc8 24.Nd3 Ne4 25.Kf1 Nc3 26.Rxc3 Rxc3 27.Ke2
Rc2+ 28.Rd2 Rxd2+ 29.Kxd2 Bc6 30.Bxc6 Rxc6 31.Ne5 Rd6 32.Kd3 f6 33.Nf3 Kf7
34.Nd4 Rd7 35.Nf3 Rc7 36.Kd2 Rc5 37.Ne1 Ke6 38.Nd3 Rc7 39.Nf4+ Kd6 40.Ne2 
Ke5 41.a3 g5 42.Nc3 Rc5 43.Na4 Rc6 44.Nb2 d4 45.Nc4+ Kd5 46.Kd3 dxe3 47.
fxe3 f5 48.g3 a4 49.Nd2 axb3 50.Nxb3 Rh6 51.Nd4 Ke5 52.Nf3+ Kf6 53.h4 gxh4
54.gxh4 Rg6 55.Nd2 Ke5 56.e4 Rg3+ 57.Ke2 fxe4 58.Nc4+ Kd4 59.Nxb6 Rxa3 60.
Nd7 Rh3 61.Nf8 Rh2+ 62.Kf1 Rxh4 63.Ne6+ Ke3 64.Ng5 Rf4+ 65.Ke1 Rg4 66.Nh3 
Rg3 0-1

[Event "IX C.to Italiano U20"]
[Site "Bratto - Castione della Presolana ITA"]
[Date "2001.08.28"]
[Round "7"]
[White "Ibba, Isacco"]
[Black "Festa, Samuele"]
[Result "1-0"]
[WhiteElo "1807"]
[BlackElo "1642"]
[PlyCount "35"]
[EventDate "2001.08.22"]

1.e4 c6 2.d4 d5 3.Nc3 dxe4 4.Bc4 Nf6 5.f3 exf3 6.Nxf3 e6 7.O-O Be7 8.Qe1 
Nbd7 9.Qg3 Rg8 10.Bd2 Nb6 11.Bd3 Nbd5 12.Rae1 Nb4 13.Ne4 Nxd3 14.cxd3 Nxe4
15.dxe4 Bd7 16.Ne5 Bh4 17.Qf3 Qe7 18.Bb4 1-0

[Event "IX C.to Italiano U20"]
[Site "Bratto - Castione della Presolana ITA"]
[Date "2001.08.28"]
[Round "7"]
[White "Mariano, Elia"]
[Black "Ferro, Mario"]
[Result "1/2-1/2"]
[WhiteElo "2198"]
[BlackElo "2186"]
[PlyCount "91"]
[EventDate "2001.08.22"]

1.d4 g6 2.c4 Bg7 3.Nc3 d6 4.e4 Nd7 5.Nf3 e5 6.Be2 Ne7 7.O-O O-O 8.Be3 Nc6 
9.d5 Ne7 10.Nd2 f5 11.f3 f4 12.Bf2 h5 13.b4 g5 14.c5 Nf6 15.Nc4 Rf7 16.
cxd6 cxd6 17.Nb5 Ne8 18.Nxa7 Bf8 19.Nxc8 Nxc8 20.g3 Qf6 21.gxf4 Qxf4 22.
Kh1 Rg7 23.Qd2 Qxd2 24.Nxd2 Nf6 25.Rfc1 Ne7 26.Rc7 Ng6 27.Rxg7+ Bxg7 28.
Nc4 Nf4 29.Bf1 g4 30.Nxd6 gxf3 31.Bh4 Bf8 32.Nc4 Nxe4 33.Nxe5 Bxb4 34.Nxf3
Nxd5 35.Bc4 Nc3 36.Rg1+ Kf8 37.Rg5 Ra5 38.Rxh5 Kg7 39.Rg5+ Kh6 40.Bd3 Rxa2
41.Rg1 Bc5 42.Rg6+ Kh5 43.Rg5+ Kh6 44.Rg6+ Kh5 45.Rg5+ Kh6 46.Rg6+ 1/2-1/2

[Event "IX C.to Italiano U20"]
[Site "Bratto - Castione della Presolana ITA"]
[Date "2001.08.28"]
[Round "7"]
[White "Mazzilli, Piero"]
[Black "Pulito, Alberto"]
[Result "1-0"]
[WhiteElo "2206"]
[BlackElo "2050"]
[PlyCount "31"]
[EventDate "2001.08.22"]

1.e4 e6 2.d4 d5 3.Nc3 Nc6 4.Nf3 Nf6 5.e5 Ne4 6.Bd3 Bb4 7.Bd2 Nxd2 8.Qxd2 
O-O 9.h4 Nxd4 10.Nxd4 c5 11.Nf3 d4 12.O-O-O Qa5 13.Bxh7+ Kh8 14.Qg5 Bxc3 
15.Qh5 Re8 16.Ng5 1-0

[Event "IX C.to Italiano U20"]
[Site "Bratto - Castione della Presolana ITA"]
[Date "2001.08.28"]
[Round "7"]
[White "Nardelli, Marco"]
[Black "Cerioni, Armando"]
[Result "1/2-1/2"]
[WhiteElo "1791"]
[BlackElo "1443"]
[PlyCount "51"]
[EventDate "2001.08.22"]

1.e4 c5 2.d4 cxd4 3.c3 d5 4.exd5 Qxd5 5.cxd4 Nc6 6.Nf3 e5 7.dxe5 Qxd1+ 8.
Kxd1 Bg4 9.Be2 O-O-O+ 10.Kc2 Bc5 11.Be3 Bxe3 12.fxe3 Bxf3 13.gxf3 Nxe5 14.
Nc3 Ne7 15.e4 N7c6 16.Nd5 Nd4+ 17.Kd2 Ndxf3+ 18.Ke3 Ng5 19.Rac1+ Kb8 20.
Rhg1 Ne6 21.Rcf1 Rhf8 22.Nf4 Nxf4 23.Rxf4 g6 24.Rg5 f5 25.exf5 Rde8 26.Kd2
1/2-1/2

[Event "IX C.to Italiano U20"]
[Site "Bratto - Castione della Presolana ITA"]
[Date "2001.08.28"]
[Round "7"]
[White "Pelosin, Matteo"]
[Black "Longo, Luigi"]
[Result "1/2-1/2"]
[WhiteElo "1705"]
[BlackElo "1500"]
[PlyCount "41"]
[EventDate "2001.08.22"]

1.e4 e6 2.d4 d5 3.e5 c5 4.c3 Nc6 5.Nf3 Qb6 6.Be2 cxd4 7.cxd4 Nge7 8.b3 Nf5
9.Bb2 Bb4+ 10.Kf1 h5 11.h4 Bd7 12.g3 Rc8 13.Kg2 Be7 14.Nc3 Ncxd4 15.Nxd5 
exd5 16.Nxd4 Qg6 17.Bd3 Bc5 18.Qb1 Bxd4 19.Bxd4 a6 20.Qd1 Qe6 21.Bb2 
1/2-1/2

[Event "IX C.to Italiano U20"]
[Site "Bratto - Castione della Presolana ITA"]
[Date "2001.08.28"]
[Round "7"]
[White "Sedani, Elisa"]
[Black "Longo, Aldo"]
[Result "1/2-1/2"]
[WhiteElo "1594"]
[BlackElo "1500"]
[PlyCount "79"]
[EventDate "2001.08.22"]

1.e4 e5 2.Nf3 Nc6 3.d4 exd4 4.Bc4 d6 5.Nxd4 Nf6 6.Nc3 Be7 7.O-O O-O 8.Nde2
Be6 9.Bxe6 fxe6 10.f4 Qd7 11.Ng3 Rf7 12.f5 Raf8 13.Bg5 Ne5 14.fxe6 Qxe6 
15.Nf5 Bd8 16.Qe1 Nfg4 17.Bxd8 Rxd8 18.h3 Nf6 19.Qg3 Ng6 20.h4 Nxe4 21.Qg4
Nc5 22.b4 Ne5 23.Qg5 Rdf8 24.bxc5 Rxf5 25.Rxf5 Qxf5 26.Qxf5 Rxf5 27.cxd6 
cxd6 28.Rb1 b6 29.Nb5 Nc6 30.Nxd6 Rc5 31.Re1 g6 32.Re8+ Kg7 33.c4 Re5 34.
Rc8 Rc5 35.Nb7 Rxc4 36.Nd6 Rc2 37.Nb5 Nb4 38.Nxa7 Rxc8 39.Nxc8 Nxa2 40.
Nxb6 1/2-1/2

[Event "IX C.to Italiano U20"]
[Site "Bratto - Castione della Presolana ITA"]
[Date "2001.08.29"]
[Round "8"]
[White "Arcion, Riccardo"]
[Black "Castellano, Fabio Marco"]
[Result "1-0"]
[WhiteElo "1810"]
[BlackElo "1431"]
[PlyCount "39"]
[EventDate "2001.08.22"]

1.d4 Nf6 2.c4 g6 3.Nc3 Bg7 4.e4 d6 5.f4 O-O 6.Nf3 Nbd7 7.Be2 e5 8.fxe5 
dxe5 9.d5 Nc5 10.Qc2 a5 11.b3 Nfd7 12.O-O f5 13.Ng5 h6 14.Ne6 Nxe6 15.dxe6
Nc5 16.Ba3 b6 17.Bxc5 bxc5 18.Rad1 Qe8 19.Nd5 Qc6 20.Ne7+ 1-0

[Event "IX C.to Italiano U20"]
[Site "Bratto - Castione della Presolana ITA"]
[Date "2001.08.29"]
[Round "8"]
[White "Arnetta, Marianna"]
[Black "Bartolini, Marco"]
[Result "1/2-1/2"]
[WhiteElo "2060"]
[BlackElo "1597"]
[PlyCount "138"]
[EventDate "2001.08.22"]

1.e4 e5 2.Nf3 Nc6 3.Bc4 Be7 4.c3 Nf6 5.d3 O-O 6.O-O d6 7.Nbd2 Ne8 8.d4 Bg4
9.h3 Bh5 10.Qc2 Bg6 11.d5 Nb8 12.Bd3 Qc8 13.c4 Na6 14.Qc3 Nc5 15.Bc2 a5 
16.b3 Nf6 17.Re1 Nfd7 18.Ba3 f5 19.exf5 Bxf5 20.Bxf5 Rxf5 21.Nf1 e4 22.Ng3
Rxf3 23.gxf3 Bf6 24.Qe3 Bxa1 25.Rxa1 exf3 26.Qxf3 Qf8 27.Qxf8+ Kxf8 28.Re1
Re8 29.Rxe8+ Kxe8 30.Nf5 Kf7 31.Nd4 g5 32.Kg2 Kg6 33.f3 a4 34.Kg3 axb3 35.
axb3 b6 36.Kg2 Na6 37.Nb5 Ne5 38.Nxc7 Nxc7 39.Bxd6 Nxd5 40.Bxe5 Ne7 41.Bc7
Nc8 42.b4 Kf5 43.c5 bxc5 44.bxc5 Ne7 45.Bd6 Nc6 46.Kg3 Nd4 47.Bb8 Nc6 48.
Bc7 Nb4 49.Bb6 Nc6 50.Bc7 Nb4 51.h4 Nd3 52.Bd6 Nb4 53.hxg5 Kxg5 54.Kf2 Kf5
55.Ke3 Nc6 56.Kd3 h5 57.Kc4 Ke6 58.Kb5 Nd4+ 59.Kb6 Kd7 60.Kb7 h4 61.Bh2 
Nc6 62.f4 Nd4 63.Bg1 h3 64.Bh2 Nc6 65.Bg1 Nd4 66.f5 Ke7 67.f6+ Kf7 68.Kb6 
Ne6 69.c6 Kxf6 1/2-1/2

[Event "IX C.to Italiano U20"]
[Site "Bratto - Castione della Presolana ITA"]
[Date "2001.08.29"]
[Round "8"]
[White "Bentivegna, Francesco"]
[Black "Mariano, Elia"]
[Result "0-1"]
[WhiteElo "2106"]
[BlackElo "2198"]
[PlyCount "72"]
[EventDate "2001.08.22"]

1.e4 e6 2.d4 d5 3.e5 c5 4.c3 Qb6 5.Nf3 Nc6 6.Bd3 cxd4 7.cxd4 Bd7 8.O-O 
Nxd4 9.Nbd2 Nc6 10.Nb3 Nge7 11.Bf4 Ng6 12.Bg3 Be7 13.h4 Qb4 14.h5 Nf4 15.
a3 Qa4 16.Bc2 Nxh5 17.Nc5 Qg4 18.Nxd7 Nxg3 19.fxg3 Kxd7 20.b4 Rhc8 21.Rc1 
a5 22.b5 Bc5+ 23.Kh1 Ne7 24.Qd2 Bxa3 25.Rcd1 Bb4 26.Qf2 Nf5 27.Bxf5 Qxf5 
28.Qb6 Qh5+ 29.Nh2 Rc7 30.g4 Qg6 31.Nf3 Bc5 32.Rxd5+ exd5 33.e6+ Qxe6 34.
Ne5+ Qxe5 35.Rxf7+ Kd8 36.Rf8+ Bxf8 0-1

[Event "IX C.to Italiano U20"]
[Site "Bratto - Castione della Presolana ITA"]
[Date "2001.08.29"]
[Round "8"]
[White "Bianco, Raffaele"]
[Black "Pulito, Alberto"]
[Result "1-0"]
[WhiteElo "1600"]
[BlackElo "2050"]
[PlyCount "85"]
[EventDate "2001.08.22"]

1.e4 e6 2.d3 d5 3.Be2 Nf6 4.Nd2 c5 5.f4 Qc7 6.e5 Nfd7 7.c3 Nc6 8.Ngf3 Be7 
9.d4 b6 10.O-O Bb7 11.Bd3 O-O-O 12.a4 Rdg8 13.Bb5 a6 14.Be2 f6 15.Nb3 h6 
16.Be3 c4 17.Nbd2 g5 18.exf6 Bxf6 19.fxg5 hxg5 20.g3 e5 21.dxe5 Bxe5 22.
Nxe5 Qxe5 23.Bf2 Kb8 24.Nf3 Qf5 25.Bd4 Nxd4 26.Nxd4 Qh3 27.Rf2 Ne5 28.Qd2 
Ng4 29.Bxg4 Qxg4 30.Re1 Rf8 31.Ref1 Rxf2 32.Rxf2 Re8 33.Re2 Rf8 34.Qe3 Qh3
35.Rf2 Rxf2 36.Qxf2 Qg4 37.Qe2 Qe4 38.Qxe4 dxe4 39.Kf2 g4 40.Ke3 Kc7 41.
Nf5 Kd7 42.Nh6 Ke6 43.Nxg4 1-0

[Event "IX C.to Italiano U20"]
[Site "Bratto - Castione della Presolana ITA"]
[Date "2001.08.29"]
[Round "8"]
[White "Capone, Vincenzo"]
[Black "Ibba, Isacco"]
[Result "0-1"]
[WhiteElo "2154"]
[BlackElo "1807"]
[PlyCount "96"]
[EventDate "2001.08.22"]

1.e4 Nf6 2.e5 Nd5 3.c4 Nb6 4.d4 d6 5.f4 dxe5 6.fxe5 c5 7.dxc5 Qxd1+ 8.Kxd1
Bg4+ 9.Be2 Bxe2+ 10.Kxe2 Nxc4 11.e6 fxe6 12.Nd2 Nxd2 13.Bxd2 Nc6 14.Nf3 h6
15.Bc3 O-O-O 16.b4 Rd5 17.Rhd1 Rg8 18.Rab1 g5 19.Kf2 Bg7 20.Bxg7 Rxg7 21.
Re1 g4 22.b5 Nd8 23.Ne5 Rg5 24.b6 a6 25.Nc4 Rxc5 26.Rbc1 Rc6 27.Kg3 Rgc5 
28.Re4 h5 29.Rd4 Nf7 30.Rf1 Rxc4 31.Rxc4 Rxc4 32.Rxf7 Kd7 33.Rh7 Rc5 34.
Kh4 Rc2 35.Rxh5 Rxg2 36.Rc5 Rxh2+ 37.Kxg4 Rxa2 38.Rc7+ Kd6 39.Rxb7 Rb2 40.
Rb8 Kc6 41.Rc8+ Kb7 42.Rc7+ Kxb6 43.Rxe7 Re2 44.Kf3 Re1 45.Rh7 a5 46.Rh5 
a4 47.Kf2 a3 48.Rh3 a2 0-1

[Event "IX C.to Italiano U20"]
[Site "Bratto - Castione della Presolana ITA"]
[Date "2001.08.29"]
[Round "8"]
[White "Cerioni, Armando"]
[Black "Damia, Angelo"]
[Result "0-1"]
[WhiteElo "1443"]
[BlackElo "1915"]
[PlyCount "114"]
[EventDate "2001.08.22"]

1.e4 c5 2.Nf3 a6 3.c3 d6 4.d4 cxd4 5.cxd4 Bg4 6.Nc3 Nc6 7.Be3 g6 8.Be2 Bg7
9.Qd2 b5 10.h3 Bxf3 11.Bxf3 Rc8 12.O-O Nf6 13.Rac1 Na5 14.b3 O-O 15.Ne2 
Rxc1 16.Rxc1 Nd7 17.Qc3 Nb8 18.Qd2 Nac6 19.Bh6 Qd7 20.Bxg7 Kxg7 21.Kh2 Rc8
22.Ng1 Na7 23.Rxc8 Nxc8 24.Bd1 Qc6 25.Qc2 Qxc2 26.Bxc2 e6 27.Ne2 Kf6 28.
Kg3 Nc6 29.f4 Ke7 30.Kf3 Nb6 31.Ke3 f5 32.e5 Nd5+ 33.Kd2 dxe5 34.dxe5 Kf7 
35.g3 g5 36.Ke1 Kg6 37.Kf2 Ncb4 38.Bb1 Kh5 39.fxg5 Nc6 40.h4 Nxe5 41.a4 b4
42.Nd4 Nc7 43.Bc2 h6 44.Bd1+ Kg6 45.gxh6 Kxh6 46.Be2 Kg6 47.Kg2 Kf7 48.Kh3
Ke7 49.g4 fxg4+ 50.Bxg4 Kd6 51.Bf3 Kc5 52.h5 Kxd4 53.Bd1 Nf7 54.Bc2 e5 55.
Bg6 Ne6 56.Kh4 Ned8 57.Bxf7 Nxf7 0-1

[Event "IX C.to Italiano U20"]
[Site "Bratto - Castione della Presolana ITA"]
[Date "2001.08.29"]
[Round "8"]
[White "Drabke, Lorenz Maximilian"]
[Black "Artizzu, Giulio"]
[Result "0-1"]
[WhiteElo "2338"]
[BlackElo "2084"]
[PlyCount "66"]
[EventDate "2001.08.22"]

1.e4 c5 2.Nf3 d6 3.c3 Nf6 4.Bd3 g6 5.Bc2 Bg7 6.O-O O-O 7.Re1 Nc6 8.h3 Qc7 
9.d4 e5 10.Na3 a6 11.Be3 b6 12.d5 Nd8 13.b4 Ne8 14.Rb1 Nb7 15.c4 f5 16.
exf5 gxf5 17.Ng5 Nd8 18.bxc5 bxc5 19.f4 e4 20.Ba4 Nf6 21.Qb3 h6 22.Ne6 
Bxe6 23.dxe6 Nxe6 24.Qb6 Qf7 25.Qxd6 Rad8 26.Qc6 Nh5 27.Rf1 Rd3 28.Nc2 
Rxe3 29.Nxe3 Bd4 30.Rbe1 Nexf4 31.Rf2 Nd3 32.Kh2 Nxf2 33.Nd5 Qg7 0-1

[Event "IX C.to Italiano U20"]
[Site "Bratto - Castione della Presolana ITA"]
[Date "2001.08.29"]
[Round "8"]
[White "Longo, Aldo"]
[Black "Festa, Samuele"]
[Result "1-0"]
[WhiteElo "1500"]
[BlackElo "1642"]
[PlyCount "73"]
[EventDate "2001.08.22"]

1.e4 c5 2.Nc3 Nc6 3.g3 d6 4.Bg2 Nf6 5.f4 g6 6.d3 Bg7 7.Nf3 O-O 8.O-O Bg4 
9.h3 Bxf3 10.Bxf3 Nd4 11.Bg2 Qd7 12.Ne2 Nh5 13.Kh2 Nxe2 14.Qxe2 e6 15.g4 
Nf6 16.g5 Ne8 17.c3 Rb8 18.Be3 b5 19.e5 Nc7 20.c4 Rfd8 21.Rad1 dxe5 22.
Bxc5 Na6 23.Bg1 exf4 24.Rxf4 Qc7 25.Rf1 Be5 26.Be3 bxc4 27.dxc4 Rxb2 28.
Qf3 Rd3 29.Qe4 Ra3 30.Kh1 Bxf4 31.Bxf4 Qc8 32.Be5 Rd2 33.Qf4 Rd7 34.Kh2 
Qf8 35.Qh4 Rxa2 36.Rf4 Rdd2 37.Qxh7+ 1-0

[Event "IX C.to Italiano U20"]
[Site "Bratto - Castione della Presolana ITA"]
[Date "2001.08.29"]
[Round "8"]
[White "Longo, Luigi"]
[Black "Castellano, Fulvia"]
[Result "1-0"]
[WhiteElo "1500"]
[BlackElo "1600"]
[PlyCount "97"]
[EventDate "2001.08.22"]

1.d4 Nf6 2.c4 g6 3.Nc3 Bg7 4.e4 d6 5.f3 O-O 6.Be3 Nbd7 7.Qd2 c5 8.d5 a6 9.
Bh6 Ne8 10.h4 Ndf6 11.g4 Nxg4 12.fxg4 Bxg4 13.Bxg7 Nxg7 14.Be2 Qd7 15.Qf4 
Bxe2 16.Ngxe2 f5 17.e5 e6 18.exd6 Rad8 19.O-O-O Qxd6 20.Qxd6 Rxd6 21.dxe6 
Rxe6 22.Nf4 Re3 23.Rhe1 Rfe8 24.Rxe3 Rxe3 25.Rd8+ Kf7 26.Rd7+ Re7 27.Rxe7+
Kxe7 28.Ncd5+ Kd6 29.Nf6 Ke5 30.N4d5 h6 31.Kd2 Ne6 32.Ke3 g5 33.hxg5 hxg5 
34.b3 Nf4 35.Nd7+ Kd6 36.Nxf4 gxf4+ 37.Kxf4 Kxd7 38.Kxf5 b6 39.Ke5 Kc6 40.
a4 Kc7 41.a5 Kc6 42.axb6 Kxb6 43.Kd6 a5 44.Kd5 a4 45.bxa4 Ka6 46.Kxc5 Ka7 
47.Kd6 Kb6 48.c5+ Kb7 49.Kd7 1-0